000 00636nam a2200265Ia 4500
005 20260121165016.0
008 008 260114s9999 xx 000 0 eng d
020 _a9781137502414
037 _aEBOOK
040 _aCRL
040 _beng
040 _cCRL
041 _2eng
041 _aeng
084 _qCRL
100 _aBrian M. Lowe
_91046390
245 0 _aMoral Claims in the Age of Spectacles
260 _bSpringer
260 _bSpringer
260 _c2018
856 _uhttps://link.springer.com/openurl?genre=book&isbn=978-1-137-50241-4
942 _cEBOOK
999 _c1612115
_d1612115